[Event "Europa ch Femenino 2013"]
[Site "Belgrado SER"]
[Date "2013.07.24"]
[Round "2.61"]
[White "Kazimova, Narmin"]
[Black "Egorova, Ayyyna"]
[Result "1-0"]
[WhiteElo "2208"]
[BlackElo "1991"]
[PlyCount "101"]
[EventDate "2013.07.23"]
[EventType "swiss"]
[EventRounds "11"]
[EventCountry "SER"]
[Source "lmi"]
[SourceDate "2013.07.22"]

1. c4 Nf6 2. Nc3 c5 3. Nf3 g6 4. d4 Bg7 5. e4 O-O 6. Be2 cxd4 7. Nxd4 Nc6 8.
Be3 d6 9. O-O Ne5 10. f3 b6 11. Qd2 Bb7 12. Rfd1 Rc8 13. b3 Qc7 14. a4 a5 15.
Qe1 Nfd7 16. Nd5 Bxd5 17. exd5 Nc5 18. Rab1 Ned7 19. f4 Na6 20. Bg4 Nb4 21. Nb5
Qb7 22. Bxd7 Qxd7 23. Bxb6 Qf5 24. Qf1 Bh6 25. Bxa5 Na6 26. Bd2 Nc5 27. Be3 Ne4
28. Qd3 Bxf4 29. Nd4 Qe5 30. Bxf4 Qxf4 31. Rf1 Nc5 32. Qc3 Qg4 33. Nc6 Rc7 34.
Rbe1 e5 35. dxe6 Nxe6 36. h3 Qg5 37. Nb4 Nf4 38. Rxf4 Qxf4 39. Nd5 Qf5 40. Nf6+
Kh8 41. Nd7+ Kg8 42. Nxf8 Rc8 43. Nxh7 Kxh7 44. Rf1 Qc5+ 45. Kh1 Kg8 46. Qf6
Qc7 47. Re1 Qb6 48. Qc3 d5 49. c5 Qc6 50. a5 Rd8 51. Qd4 1-0

[Event "Europa ch Femenino 2013"]
[Site "Belgrado SER"]
[Date "2013.07.24"]
[Round "2.62"]
[White "Dizdarevic, Barbara"]
[Black "Srebrnic, Ana"]
[Result "1/2-1/2"]
[WhiteElo "1981"]
[BlackElo "2203"]
[PlyCount "58"]
[EventDate "2013.07.23"]
[EventType "swiss"]
[EventRounds "11"]
[EventCountry "SER"]
[Source "lmi"]
[SourceDate "2013.07.22"]

1. e4 g6 2. d4 Bg7 3. Nf3 c6 4. Nc3 d6 5. Bc4 Nf6 6. Qe2 b5 7. Bb3 b4 8. e5
bxc3 9. exf6 Bxf6 10. bxc3 O-O 11. O-O d5 12. Re1 a5 13. Ba4 Ba6 14. Qe3 Ra7
15. Rb1 Bc4 16. Ne5 Bxa2 17. Rxb8 Qxb8 18. Nxc6 Qc7 19. Nxa7 Qxa7 20. Ba3 Rb8
21. g3 e6 22. Qf4 Bg7 23. Bc5 Qb7 24. Bc6 Qc8 25. Bd7 Qb7 26. Bc6 Qc8 27. Bd7
Qb7 28. Bc6 Qc8 29. Bd7 Qb7 1/2-1/2

[Event "Europa ch Femenino 2013"]
[Site "Belgrado SER"]
[Date "2013.07.24"]
[Round "2.63"]
[White "Olsarova, Tereza"]
[Black "Khropova, Larisa"]
[Result "1-0"]
[WhiteElo "2203"]
[BlackElo "1987"]
[PlyCount "71"]
[EventDate "2013.07.23"]
[EventType "swiss"]
[EventRounds "11"]
[EventCountry "SER"]
[Source "lmi"]
[SourceDate "2013.07.22"]

1. e4 c6 2. d4 d5 3. Nd2 dxe4 4. Nxe4 Nd7 5. Bc4 Ngf6 6. Ng5 e6 7. Qe2 Nb6 8.
Bd3 Be7 9. N1f3 O-O 10. c3 Nbd5 11. O-O h6 12. Nh3 b6 13. Bd2 Bb7 14. Rad1 a5
15. c4 Nb4 16. Bb1 Ra7 17. Ne5 Qa8 18. a3 Na6 19. Qd3 Rd8 20. Nf4 c5 21. d5
exd5 22. Nh5 dxc4 23. Nxf6+ Bxf6 24. Qh7+ Kf8 25. Rfe1 Bxe5 26. Rxe5 f6 27.
Ree1 Bd5 28. Bxh6 Bg8 29. Qg6 Bd5 30. Be4 gxh6 31. Qxf6+ Kg8 32. Bxd5+ Rxd5 33.
Rxd5 Kh7 34. Re7+ Rxe7 35. Qxe7+ Kg6 36. Qe6+ 1-0

[Event "Europa ch Femenino 2013"]
[Site "Belgrado SER"]
[Date "2013.07.24"]
[Round "2.64"]
[White "Milanovic, Maja"]
[Black "Djukic, Sandra"]
[Result "1/2-1/2"]
[WhiteElo "1969"]
[BlackElo "2197"]
[PlyCount "129"]
[EventDate "2013.07.23"]
[EventType "swiss"]
[EventRounds "11"]
[EventCountry "SER"]
[Source "lmi"]
[SourceDate "2013.07.22"]

1. e4 c5 2. Nf3 a6 3. d4 cxd4 4. Nxd4 Nf6 5. Nc3 e5 6. Nf3 Nc6 7. Bd3 h6 8. O-O
Bc5 9. Nd5 d6 10. h3 Nxd5 11. exd5 Ne7 12. c4 O-O 13. a3 a5 14. Bd2 a4 15. b4
axb3 16. Qxb3 f5 17. Bc2 Ng6 18. Be3 Ra5 19. Qc3 Bxe3 20. Qxe3 Rc5 21. Bb3 f4
22. Qe2 Bf5 23. Bc2 Qc8 24. Bxf5 Rxf5 25. Rfc1 Rf7 26. Qe4 Nf8 27. a4 Nd7 28.
Nh4 Nf8 29. a5 Qd8 30. g3 Rxa5 31. Qe1 Rxa1 32. Rxa1 fxg3 33. fxg3 g5 34. Ng2
Qc8 35. Kh2 Qxc4 36. Ne3 Qe4 37. Ng4 Qxe1 38. Rxe1 Kg7 39. Rb1 Nh7 40. Rb6 Rd7
41. Ne3 Nf6 42. Rxd6 Rxd6 43. Nf5+ Kg6 44. Nxd6 b6 45. Nc4 Nxd5 46. Nxe5+ Kf5
47. Nc4 Ke6 48. Kg2 b5 49. Nd2 b4 50. Kf3 Nf6 51. h4 Kd5 52. hxg5 hxg5 53. Ke3
Ng4+ 54. Kd3 Ne5+ 55. Kc2 g4 56. Kb3 Kd4 57. Kxb4 Kd3 58. Nb1 Ke3 59. Nc3 Kf3
60. Nd5 Nd7 61. Kb5 Ke4 62. Kc6 Ne5+ 63. Kd6 Nc4+ 64. Ke6 Kf3 65. Nf6 1/2-1/2

[Event "Europa ch Femenino 2013"]
[Site "Belgrado SER"]
[Date "2013.07.24"]
[Round "2.65"]
[White "Shulakova, Svetlana"]
[Black "Oliveira, Maria Ines"]
[Result "1/2-1/2"]
[WhiteElo "2194"]
[BlackElo "1978"]
[PlyCount "82"]
[EventDate "2013.07.23"]
[EventType "swiss"]
[EventRounds "11"]
[EventCountry "SER"]
[Source "lmi"]
[SourceDate "2013.07.22"]

1. d4 Nf6 2. c4 e6 3. Nc3 Bb4 4. Qc2 Nc6 5. Nf3 d6 6. Bd2 O-O 7. a3 Bxc3 8.
Bxc3 Re8 9. Rd1 Qe7 10. e3 e5 11. dxe5 dxe5 12. b4 e4 13. Nd4 Ne5 14. Be2 Bg4
15. O-O Bxe2 16. Qxe2 Rad8 17. Kh1 c5 18. Nb3 cxb4 19. axb4 Qc7 20. Bxe5 Qxe5
21. Rd4 Rxd4 22. Nxd4 a5 23. bxa5 Qxa5 24. Rb1 Nd7 25. h3 Nc5 26. Rb5 Qc7 27.
Qa2 Nd3 28. Kg1 g6 29. Qb1 Qxc4 30. Rxb7 Rc8 31. Rb8 Kg7 32. Rxc8 Qxc8 33. Qa1
Qc1+ 34. Qxc1 Nxc1 35. Kf1 f5 36. Ke1 Nd3+ 37. Ke2 Ne5 38. h4 Kf6 39. Kd2 h6
40. Ke2 g5 41. hxg5+ hxg5 1/2-1/2

[Event "Europa ch Femenino 2013"]
[Site "Belgrado SER"]
[Date "2013.07.24"]
[Round "2.66"]
[White "Petrukhina, Irina"]
[Black "Serefidou, Despina"]
[Result "0-1"]
[WhiteElo "2190"]
[BlackElo "1971"]
[PlyCount "90"]
[EventDate "2013.07.23"]
[EventType "swiss"]
[EventRounds "11"]
[EventCountry "SER"]
[Source "lmi"]
[SourceDate "2013.07.22"]

1. d4 Nf6 2. c4 e6 3. g3 d5 4. Nf3 Be7 5. Bg2 O-O 6. O-O dxc4 7. Ne5 Nc6 8.
Bxc6 bxc6 9. Nxc6 Qe8 10. Nxe7+ Qxe7 11. Qc2 e5 12. dxe5 Qxe5 13. Rd1 Re8 14.
Qxc4 Be6 15. Qd4 Qxe2 16. Nc3 Qh5 17. Bf4 c5 18. Qe5 Qh3 19. f3 Bb3 20. Qxc5
Bxd1 21. Rxd1 h5 22. Qg5 Rac8 23. Be5 Qe6 24. Bxf6 Qxf6 25. Qxf6 gxf6 26. Rd7
Rb8 27. Ne4 Kg7 28. b3 a5 29. Ra7 Re5 30. Kf2 Rd8 31. Ke3 Rdd5 32. f4 Re6 33.
Kf3 Rd3+ 34. Ke2 Rd4 35. Rxa5 Rdxe4+ 36. Kf3 Re2 37. Rxh5 Rxa2 38. b4 Rb2 39.
b5 Rb6 40. Kg4 R6xb5 41. f5 R2b3 42. Kh3 Rf3 43. Kg4 Rf2 44. h4 Rb4+ 45. Kh3
Ra4 0-1

[Event "Europa ch Femenino 2013"]
[Site "Belgrado SER"]
[Date "2013.07.24"]
[Round "2.67"]
[White "Paramentic, Mila"]
[Black "Folkova, Martina"]
[Result "0-1"]
[WhiteElo "1936"]
[BlackElo "2189"]
[PlyCount "38"]
[EventDate "2013.07.23"]
[EventType "swiss"]
[EventRounds "11"]
[EventCountry "SER"]
[Source "lmi"]
[SourceDate "2013.07.22"]

1. e4 e5 2. Nf3 Nc6 3. d4 exd4 4. Bc4 Bc5 5. c3 Nf6 6. e5 d5 7. Bb5 Ne4 8. Nxd4
O-O 9. Bxc6 bxc6 10. O-O Ba6 11. Re1 Qh4 12. Be3 f5 13. exf6 Rxf6 14. f3 Bd6
15. f4 Bxf4 16. Bxf4 Qf2+ 17. Kh1 Rxf4 18. Qc1 Bf1 19. Rxf1 Qxf1+ 0-1

[Event "Europa ch Femenino 2013"]
[Site "Belgrado SER"]
[Date "2013.07.24"]
[Round "2.68"]
[White "Drljevic, Ljilja"]
[Black "Panic, Anastasija"]
[Result "1-0"]
[WhiteElo "2187"]
[BlackElo "1948"]
[PlyCount "93"]
[EventDate "2013.07.23"]
[EventType "swiss"]
[EventRounds "11"]
[EventCountry "SER"]
[Source "lmi"]
[SourceDate "2013.07.22"]

1. e4 c5 2. Nf3 Nc6 3. d3 g6 4. g3 Bg7 5. Bg2 d6 6. O-O e5 7. c3 Nge7 8. a3 h6
9. b4 b6 10. Bb2 O-O 11. b5 Na5 12. c4 a6 13. bxa6 Bxa6 14. Nc3 Nec6 15. Rb1
Rb8 16. Ba1 Nd4 17. a4 Bb7 18. Nd5 Bxd5 19. exd5 f5 20. Bc3 Ra8 21. Nxd4 cxd4
22. Bxa5 Rxa5 23. Qb3 Bf6 24. Qxb6 Rxa4 25. Qc6 Ra3 26. Rb7 Rxd3 27. Rd7 Qa8
28. Qxd6 Ra3 29. Qe6+ Kh8 30. Rf7 Rxf7 31. Qxf7 Bg7 32. d6 Qf8 33. Qxg6 e4 34.
Bh3 Ra5 35. d7 d3 36. Bxf5 Rxf5 37. Qxf5 Qxf5 38. d8=Q+ Kh7 39. Qd5 Qxd5 40.
cxd5 Kg6 41. Re1 Kf5 42. Kf1 Bd4 43. d6 Ke5 44. d7 Bb6 45. f3 e3 46. Rxe3+ Kd4
47. Re8 1-0

[Event "Europa ch Femenino 2013"]
[Site "Belgrado SER"]
[Date "2013.07.24"]
[Round "2.69"]
[White "Gjergji, Rozana"]
[Black "Baraeva, Marina"]
[Result "1-0"]
[WhiteElo "1917"]
[BlackElo "2185"]
[PlyCount "65"]
[EventDate "2013.07.23"]
[EventType "swiss"]
[EventRounds "11"]
[EventCountry "SER"]
[Source "lmi"]
[SourceDate "2013.07.22"]

1. e4 e6 2. d4 d5 3. exd5 exd5 4. Nf3 Bd6 5. Bd3 Ne7 6. O-O Bg4 7. h3 Bh5 8.
Nc3 c6 9. Re1 Nd7 10. Re3 Nf8 11. Qe1 Ne6 12. Ne2 O-O 13. c3 Re8 14. Ne5 f6 15.
Ng4 Bf7 16. Ng3 Nf4 17. Bc2 Qd7 18. Qf1 Be6 19. Nh2 Neg6 20. Nf3 Re7 21. Bd2
Rae8 22. Rae1 b6 23. Kh1 c5 24. Ne2 Nxe2 25. R3xe2 Nf4 26. Bxf4 Bxf4 27. g3 Bd6
28. g4 Bf4 29. Nh4 g6 30. Bxg6 Bxg4 31. Bxe8 Bxe2 32. Bxd7 Bxf1 33. Rxe7 1-0

[Event "Europa ch Femenino 2013"]
[Site "Belgrado SER"]
[Date "2013.07.24"]
[Round "2.70"]
[White "Baraeva, Irina"]
[Black "Olea, Liliana"]
[Result "1-0"]
[WhiteElo "2171"]
[BlackElo "1905"]
[PlyCount "49"]
[EventDate "2013.07.23"]
[EventType "swiss"]
[EventRounds "11"]
[EventCountry "SER"]
[Source "lmi"]
[SourceDate "2013.07.22"]

1. d4 d5 2. Nf3 e6 3. c4 Nf6 4. Nc3 c6 5. Bg5 Nbd7 6. e3 Qa5 7. cxd5 Nxd5 8.
Qb3 Bb4 9. Rc1 O-O 10. Bd3 h6 11. Bh4 c5 12. O-O Bxc3 13. bxc3 Re8 14. Rfd1 a6
15. Bb1 b5 16. Qc2 f5 17. e4 Nf4 18. Bg3 Nh5 19. exf5 Nxg3 20. hxg3 cxd4 21.
fxe6 Nf6 22. Nxd4 Bxe6 23. Nxe6 Rxe6 24. Qb3 Rae8 25. Bf5 1-0

[Event "Europa ch Femenino 2013"]
[Site "Belgrado SER"]
[Date "2013.07.24"]
[Round "2.71"]
[White "Gavasheli, Ana"]
[Black "Kaplan, Ebru"]
[Result "1/2-1/2"]
[WhiteElo "2170"]
[BlackElo "1885"]
[PlyCount "90"]
[EventDate "2013.07.23"]
[EventType "swiss"]
[EventRounds "11"]
[EventCountry "SER"]
[Source "lmi"]
[SourceDate "2013.07.22"]

1. Nf3 Nf6 2. g3 g6 3. Bg2 Bg7 4. c4 O-O 5. Nc3 d5 6. cxd5 Nxd5 7. O-O c5 8.
Nxd5 Qxd5 9. d3 Nc6 10. Nd2 Qd7 11. Rb1 b6 12. a3 Bb7 13. b4 cxb4 14. axb4 Nd4
15. Bxb7 Qxb7 16. Bb2 Rfc8 17. Nb3 Nxb3 18. Qxb3 Bxb2 19. Rxb2 Rc7 20. f4 Rac8
21. Rf3 Rc1+ 22. Kg2 Qd7 23. f5 gxf5 24. e4 R8c3 25. Qa2 Rxd3 26. Rxf5 e6 27.
Rg5+ Kf8 28. Rf2 Rcd1 29. Qb2 Qd4 30. Qxd4 Rxd4 31. Rh5 R1d2 32. Rxd2 Rxd2+ 33.
Kf3 Kg7 34. Rg5+ Kf6 35. h4 Rd3+ 36. Kf2 Rd4 37. e5+ Ke7 38. Rh5 Rxb4 39. Rxh7
Kf8 40. Rh5 Rb2+ 41. Kf3 a5 42. Rh8+ Kg7 43. Ra8 Rb4 44. g4 Rb5 45. Kf4 Rb4+
1/2-1/2

[Event "Europa ch Femenino 2013"]
[Site "Belgrado SER"]
[Date "2013.07.24"]
[Round "2.72"]
[White "Brankov, Kristina"]
[Black "Ibrahimova, Sabina"]
[Result "0-1"]
[WhiteElo "1903"]
[BlackElo "2168"]
[PlyCount "62"]
[EventDate "2013.07.23"]
[EventType "swiss"]
[EventRounds "11"]
[EventCountry "SER"]
[Source "lmi"]
[SourceDate "2013.07.22"]

1. e4 c5 2. Nc3 Nc6 3. Bb5 Nd4 4. Bc4 e6 5. d3 a6 6. Nge2 b5 7. Bb3 Nxb3 8.
axb3 b4 9. Nb1 Nf6 10. Bg5 Qc7 11. O-O Be7 12. f4 d6 13. Nd2 h6 14. Bh4 O-O 15.
Nc4 d5 16. e5 Ng4 17. Bxe7 Qxe7 18. Ng3 Qh4 19. h3 Qxg3 20. Qxg4 Qxg4 21. hxg4
dxc4 22. bxc4 Bb7 23. Ra5 Rac8 24. Re1 Rfd8 25. Re3 Rd4 26. g3 g5 27. f5 Rxg4
28. f6 h5 29. Kh2 h4 30. gxh4 Rg2+ 31. Kh3 g4# 0-1

[Event "Europa ch Femenino 2013"]
[Site "Belgrado SER"]
[Date "2013.07.24"]
[Round "2.73"]
[White "Cherednichenko, Elena"]
[Black "Korbovljanovic, Natasa"]
[Result "1-0"]
[WhiteElo "2167"]
[BlackElo "1877"]
[PlyCount "73"]
[EventDate "2013.07.23"]
[EventType "swiss"]
[EventRounds "11"]
[EventCountry "SER"]
[Source "lmi"]
[SourceDate "2013.07.22"]

1. d4 d5 2. Nf3 Nf6 3. e3 e6 4. Bd3 c5 5. b3 Nc6 6. Bb2 Be7 7. Nbd2 Nb4 8. Be2
cxd4 9. exd4 Qc7 10. c4 dxc4 11. bxc4 O-O 12. O-O b6 13. a3 Nc6 14. Qc2 Bb7 15.
Bd3 h6 16. Rfe1 Rfd8 17. Rad1 Rac8 18. h3 Ba8 19. Bf1 Bd6 20. Qc3 Ne7 21. Bd3
Bf4 22. Qb3 Nc6 23. Bc3 Bd6 24. Qb2 Bf8 25. Re3 Nh5 26. Bb1 Nf6 27. Qc2 Ne7 28.
d5 Nf5 29. Bxf6 gxf6 30. dxe6 fxe6 31. Rxe6 Nd4 32. Nxd4 Rxd4 33. Rxf6 Rd7 34.
Re1 Qb7 35. Nf3 Rg7 36. Qf5 Be7 37. Qe6+ 1-0

[Event "Europa ch Femenino 2013"]
[Site "Belgrado SER"]
[Date "2013.07.24"]
[Round "2.75"]
[White "Rakic, Teodora"]
[Black "Golubeva, Oksana"]
[Result "0-1"]
[WhiteElo "1862"]
[BlackElo "2149"]
[PlyCount "52"]
[EventDate "2013.07.23"]
[EventType "swiss"]
[EventRounds "11"]
[EventCountry "SER"]
[Source "lmi"]
[SourceDate "2013.07.22"]

1. d4 d5 2. c4 e6 3. Nf3 Nf6 4. g3 c6 5. Bg2 Nbd7 6. O-O dxc4 7. Qc2 b5 8. Rd1
Qb6 9. e4 Bb7 10. Bf4 Be7 11. Ne5 Nxe5 12. Bxe5 O-O 13. Bxf6 Bxf6 14. e5 Be7
15. Be4 h6 16. Nc3 Rad8 17. Qd2 Bg5 18. f4 Be7 19. f5 Rxd4 20. Qxd4 Bc5 21. Ne2
Rd8 22. Qxc5 Qxc5+ 23. Kg2 Rxd1 24. Rxd1 Qxe5 25. Rd8+ Kh7 26. fxe6+ Qxe4+ 0-1

[Event "Europa ch Femenino 2013"]
[Site "Belgrado SER"]
[Date "2013.07.24"]
[Round "2.76"]
[White "Sekulovic, Dusica"]
[Black "Berke, Ana"]
[Result "0-1"]
[WhiteElo "1805"]
[BlackElo "2145"]
[PlyCount "104"]
[EventDate "2013.07.23"]
[EventType "swiss"]
[EventRounds "11"]
[EventCountry "SER"]
[Source "lmi"]
[SourceDate "2013.07.22"]

1. e4 c5 2. Nc3 Nc6 3. g3 g6 4. Bg2 Bg7 5. d3 d6 6. Be3 Nd4 7. Qd2 Qa5 8. h3
Bd7 9. Nf3 f5 10. Nh4 fxe4 11. dxe4 Nf6 12. O-O O-O 13. Bxd4 cxd4 14. Qxd4 Rac8
15. Qe3 Be6 16. Nf3 Rc4 17. Nd2 Rb4 18. Nb3 Qh5 19. g4 Qh4 20. Ne2 h5 21. c3
Rb6 22. g5 Nh7 23. f4 Bc4 24. Rae1 e5 25. fxe5 Rxf1+ 26. Rxf1 Nxg5 27. exd6
Rxd6 28. Nbd4 Bxd4 29. cxd4 Bxe2 30. Rf4 Qe1+ 31. Kh2 Qd1 32. e5 Rd8 33. d5 Qd3
34. Qc5 Nf3+ 35. Bxf3 Bxf3 36. Qe7 Qe2+ 37. Kg3 Qg2+ 38. Kh4 g5+ 39. Qxg5+
Qxg5+ 40. Kxg5 Bxd5 41. Kxh5 Re8 42. Rf5 Bxa2 43. Kg5 Kg7 44. Kf4 Rf8 45. Rxf8
Kxf8 46. h4 Ke7 47. h5 Bb1 48. Ke3 Ke6 49. Kd4 Bc2 50. h6 Bh7 51. b3 Bg6 52. b4
Bh7 0-1

[Event "Europa ch Femenino 2013"]
[Site "Belgrado SER"]
[Date "2013.07.24"]
[Round "2.77"]
[White "Todorovic, Violeta"]
[Black "Ivekovic, Ivana"]
[Result "0-1"]
[WhiteElo "2117"]
[BlackElo "1858"]
[PlyCount "68"]
[EventDate "2013.07.23"]
[EventType "swiss"]
[EventRounds "11"]
[EventCountry "SER"]
[Source "lmi"]
[SourceDate "2013.07.22"]

1. Nf3 c5 2. c4 Nf6 3. Nc3 e6 4. e3 b6 5. d4 cxd4 6. exd4 d5 7. cxd5 Nxd5 8.
Bb5+ Bd7 9. Qe2 Bb4 10. Bd2 O-O 11. O-O Nxc3 12. bxc3 Bd6 13. Ng5 Bxb5 14. Qxb5
Nd7 15. Ne4 Be7 16. a4 f5 17. Ng3 Bd6 18. Qc4 Qe7 19. Rfe1 Rae8 20. Bg5 Qf7 21.
Qc6 Bb8 22. Ne2 e5 23. Qb7 Qh5 24. h4 h6 25. Qxd7 hxg5 26. Ng3 Qg6 27. hxg5
Qxg5 28. dxe5 Kh8 29. Re2 Rxe5 30. Rxe5 Bxe5 31. Ne2 Qh5 32. Qe7 Bh2+ 33. Kf1
Re8 34. Qd7 Qxe2# 0-1

[Event "Europa ch Femenino 2013"]
[Site "Belgrado SER"]
[Date "2013.07.24"]
[Round "2.78"]
[White "Injac, Teodora"]
[Black "Vrabic, Anita"]
[Result "1/2-1/2"]
[WhiteElo "1713"]
[BlackElo "2112"]
[PlyCount "81"]
[EventDate "2013.07.23"]
[EventType "swiss"]
[EventRounds "11"]
[EventCountry "SER"]
[Source "lmi"]
[SourceDate "2013.07.22"]

1. d4 Nf6 2. c4 g6 3. Nc3 d5 4. Nf3 Bg7 5. e3 O-O 6. cxd5 Nxd5 7. Qb3 Nb6 8.
Be2 c6 9. O-O N8d7 10. Rd1 Qc7 11. e4 e5 12. Be3 exd4 13. Bxd4 Ne5 14. Nxe5
Bxe5 15. Bxe5 Qxe5 16. Rd2 Be6 17. Qc2 Rfd8 18. Rad1 Qg5 19. Rxd8+ Rxd8 20.
Rxd8+ Qxd8 21. Qd3 Qe7 22. Qd4 c5 23. Qe5 Qf8 24. Nd5 Bxd5 25. exd5 Nc8 26. Qc7
b6 27. Ba6 Nd6 28. Qxa7 Qd8 29. Bf1 Ne4 30. f3 Nd2 31. Qa3 Nxf1 32. Kxf1 Qxd5
33. Qb3 Qxb3 34. axb3 Kf8 35. Ke2 Ke7 36. Kd3 Kd6 37. Kc4 Kc6 38. b4 b5+ 39.
Kc3 c4 40. b3 cxb3 41. Kxb3 1/2-1/2

[Event "Europa ch Femenino 2013"]
[Site "Belgrado SER"]
[Date "2013.07.24"]
[Round "2.79"]
[White "Bokuchava, Madona"]
[Black "Nikolovska, Dragana"]
[Result "1/2-1/2"]
[WhiteElo "2109"]
[BlackElo "1848"]
[PlyCount "188"]
[EventDate "2013.07.23"]
[EventType "swiss"]
[EventRounds "11"]
[EventCountry "SER"]
[Source "lmi"]
[SourceDate "2013.07.22"]

1. d4 Nf6 2. Nf3 g6 3. c4 Bg7 4. Nc3 O-O 5. g3 d6 6. Bg2 Nbd7 7. O-O e5 8. e4
c6 9. h3 a5 10. Be3 a4 11. Qc2 exd4 12. Bxd4 Qa5 13. Rfe1 Re8 14. Rad1 Nc5 15.
b3 axb3 16. axb3 Qb4 17. Rb1 Ra3 18. Na2 Qa5 19. Nc3 Qb4 20. Nd2 Ne6 21. Be3
Ng4 22. hxg4 Bxc3 23. Rec1 Bg7 24. Qd3 Nc7 25. g5 Be6 26. f4 Bg4 27. Nf1 Ra2
28. Rc2 Rxc2 29. Qxc2 Ne6 30. Nh2 Nd4 31. Qf2 Ne2+ 32. Kh1 Nc3 33. Bd2 Bd7 34.
Qe1 d5 35. e5 d4 36. Rc1 Qxb3 37. Bxc3 dxc3 38. Rxc3 Qb2 39. Rc1 Bf5 40. Rd1
Ra8 41. Nf1 Bf8 42. Ne3 Ra2 43. Qf1 Be4 44. Qg1 Qe2 45. Re1 Qh5+ 46. Qh2 Qxh2+
47. Kxh2 Bc5 48. Kh3 Bxg2+ 49. Nxg2 Ra3 50. Re2 Rc3 51. e6 fxe6 52. Rxe6 Rxc4
53. Re8+ Kg7 54. Rc8 Re4 55. g4 Bd6 56. f5 gxf5 57. gxf5 c5 58. Rd8 Rd4 59.
Rd7+ Kg8 60. Rxb7 c4 61. Ne1 c3 62. Rd7 Rd2 63. f6 Bf4 64. Rg7+ Kf8 65. Ra7
Bxg5 66. Rxh7 Bxf6 67. Rc7 Re2 68. Ng2 c2 69. Nf4 Rd2 70. Kg4 Bb2 71. Nd3 Rxd3
72. Rxc2 Ba3 73. Rc7 Be7 74. Kf5 Kf7 75. Ke4 Ra3 76. Rc6 Bf6 77. Kf5 Ra5+ 78.
Kg4 Kg6 79. Rc4 Rh5 80. Rc6 Rh4+ 81. Kg3 Ra4 82. Rc5 Bg5 83. Rc8 Bf4+ 84. Kg4
Be5+ 85. Kf3 Kf5 86. Rf8+ Bf6 87. Re8 Ra3+ 88. Re3 Ra4 89. Re8 Ra3+ 90. Re3 Ra4
91. Re8 Bg5 92. Rf8+ Ke5 93. Re8+ Kf5 94. Rf8+ Bf6 1/2-1/2

[Event "Europa ch Femenino 2013"]
[Site "Belgrado SER"]
[Date "2013.07.24"]
[Round "2.80"]
[White "Petrovic, Marija"]
[Black "Mahmutbegovic, Nadina"]
[Result "1-0"]
[WhiteElo "2104"]
[BlackElo "1800"]
[PlyCount "149"]
[EventDate "2013.07.23"]
[EventType "swiss"]
[EventRounds "11"]
[EventCountry "SER"]
[Source "lmi"]
[SourceDate "2013.07.22"]

1. Nf3 c5 2. g3 g6 3. Bg2 Bg7 4. O-O Nc6 5. d3 e6 6. e4 Nge7 7. c3 O-O 8. Be3
d6 9. Qc1 Re8 10. Bh6 Bh8 11. Na3 d5 12. Rd1 b6 13. Nc2 Bb7 14. Qf4 f6 15. Qh4
Nc8 16. h3 Nd6 17. Nh2 Nf7 18. exd5 exd5 19. Be3 f5 20. Qa4 Nce5 21. d4 Nc4 22.
Bc1 cxd4 23. Nxd4 Bxd4 24. cxd4 Qf6 25. Nf3 Bc6 26. Qc2 Rac8 27. Bf4 Ncd6 28.
Rac1 Qd8 29. Ne5 Bb7 30. Qb3 Nc4 31. Nxf7 Kxf7 32. Re1 Qd7 33. h4 Kg7 34. Qb4
Na5 35. b3 Nc6 36. Qd2 Re7 37. Bh6+ Kf7 38. Bg5 Rxe1+ 39. Rxe1 Re8 40. Rxe8
Kxe8 41. Bf3 Nd8 42. Qf4 Nc6 43. h5 Qe6 44. Kg2 Ba6 45. Qd2 Kd7 46. Bf4 Bb7 47.
a4 Na5 48. hxg6 hxg6 49. Qc3 Qc6 50. Qb4 Ke8 51. Bg5 Qe6 52. Qc3 Bc6 53. Bf4
Nb7 54. Be5 Nd8 55. Qb4 Nf7 56. Bf4 g5 57. Be3 g4 58. Be2 Qe4+ 59. Kg1 Qb1+ 60.
Bf1 Qe4 61. a5 Qe7 62. Qc3 Qd7 63. axb6 axb6 64. Qb4 b5 65. Bf4 Qe7 66. Qc5 Qd7
67. Qb6 Nd8 68. Qb8 Kf7 69. Be5 Qe8 70. Bd3 Bd7 71. Qc7 Ne6 72. Qd6 Bc6 73.
Bxf5 Qd7 74. Qb8 Ke7 75. Qh8 1-0

[Event "Europa ch Femenino 2013"]
[Site "Belgrado SER"]
[Date "2013.07.24"]
[Round "2.81"]
[White "Sarjanovic, Andjela"]
[Black "Kruljac, Petra"]
[Result "1/2-1/2"]
[WhiteElo "1655"]
[BlackElo "2092"]
[PlyCount "143"]
[EventDate "2013.07.23"]
[EventType "swiss"]
[EventRounds "11"]
[EventCountry "SER"]
[Source "lmi"]
[SourceDate "2013.07.22"]

1. e4 e6 2. d4 d5 3. Nc3 Bb4 4. exd5 exd5 5. Bd3 Nf6 6. Nf3 O-O 7. O-O Bg4 8.
Bg5 c6 9. h3 Bh5 10. Re1 Nbd7 11. a3 Bd6 12. Be2 Re8 13. Nh4 Bxe2 14. Rxe2 Qb6
15. Rb1 Rxe2 16. Nxe2 Re8 17. Nf3 Qc7 18. Nc3 h6 19. Be3 Nf8 20. Qd2 Ng6 21.
Re1 Ne4 22. Qd3 b5 23. Nd2 Nf6 24. Nf3 Ne4 25. Nd2 f5 26. Ndxe4 fxe4 27. Qd2
Qf7 28. g3 Qf5 29. Kg2 Qf3+ 30. Kg1 Qh5 31. Kg2 Rf8 32. Qd1 Qf5 33. Qg4 Qxg4
34. hxg4 Rf3 35. g5 hxg5 36. Bxg5 Nf8 37. Nb1 Ne6 38. Be3 Rf8 39. Nd2 Rb8 40.
b4 a5 41. c3 Ra8 42. Nb3 axb4 43. axb4 Ra3 44. Rb1 Bc7 45. Kf1 Nf8 46. Bc1 Ra2
47. Ra1 Rc2 48. Bd2 Rb2 49. Ra3 Ne6 50. Ke1 Kf7 51. Kd1 Rb1+ 52. Bc1 e3 53.
fxe3 Bxg3 54. Kc2 Rxc1+ 55. Nxc1 g5 56. Ne2 Bd6 57. Ra6 Nd8 58. Kd3 g4 59. e4
dxe4+ 60. Kxe4 Ke6 61. Ra1 Nf7 62. Rg1 Ng5+ 63. Ke3 Kf5 64. d5 Nf3 65. Rf1 Ke5
66. dxc6 Kd5 67. Ng1 Nxg1 68. Rxg1 g3 69. Kd3 Be5 70. Rg2 Bd6 71. Rc2 Kxc6 72.
c4 1/2-1/2

[Event "Europa ch Femenino 2013"]
[Site "Belgrado SER"]
[Date "2013.07.24"]
[Round "2.83"]
[White "Miladinovic, Lena"]
[Black "Jankovic, Milanka"]
[Result "1-0"]
[WhiteElo "2083"]
[BlackElo "1619"]
[PlyCount "92"]
[EventDate "2013.07.23"]
[EventType "swiss"]
[EventRounds "11"]
[EventCountry "SER"]
[Source "lmi"]
[SourceDate "2013.07.22"]

1. d4 d5 2. Nf3 Nf6 3. c4 e6 4. Nc3 Bd7 5. Bg5 Be7 6. Bxf6 Bxf6 7. cxd5 exd5 8.
Nxd5 O-O 9. e3 Bc6 10. Nxf6+ Qxf6 11. Be2 Nd7 12. O-O Bxf3 13. Bxf3 c6 14. Rc1
Rac8 15. b4 a6 16. Qb3 Rfe8 17. a4 b6 18. Rc2 Qe6 19. Qxe6 Rxe6 20. Rfc1 Nb8
21. Bg4 Rce8 22. Bxe6 fxe6 23. b5 axb5 24. axb5 cxb5 25. Rc8 Kf8 26. Rxe8+ Kxe8
27. Rc8+ Kd7 28. Rxb8 Kc7 29. Ra8 b4 30. Ra4 b5 31. Rxb4 Kb6 32. f4 Ka5 33. Rb1
b4 34. f5 exf5 35. d5 Kb5 36. Rxb4+ Kc5 37. Rd4 Kd6 38. g4 g6 39. gxf5 gxf5 40.
Kf2 h5 41. Kf3 h4 42. Kf4 h3 43. Kxf5 Ke7 44. d6+ Kd7 45. Ke5 Ke8 46. d7+ Kd8
1-0

[Event "Europa ch Femenino 2013"]
[Site "Belgrado SER"]
[Date "2013.07.25"]
[Round "3.1"]
[White "Khotenashvili, Bela"]
[Black "Romanko, Marina"]
[Result "1-0"]
[WhiteElo "2512"]
[BlackElo "2368"]
[PlyCount "69"]
[EventDate "2013.07.23"]
[EventType "swiss"]
[EventRounds "11"]
[EventCountry "SER"]
[Source "lmi"]
[SourceDate "2013.07.22"]

1. e4 c6 2. Ne2 d5 3. e5 g6 4. d4 Bg7 5. Nd2 Nh6 6. h3 b6 7. Nf3 f5 8. Nf4 e6
9. c3 Nf7 10. Bd3 Bh6 11. h4 Qe7 12. g4 Bxf4 13. Bxf4 Ba6 14. gxf5 gxf5 15. Rg1
Kd7 16. h5 Qf8 17. Qe2 Bxd3 18. Qxd3 Kc7 19. O-O-O Kb7 20. Qe3 Nd7 21. h6 Rc8
22. Rg7 Rc7 23. Bg5 c5 24. Kb1 Qe8 25. Bf6 cxd4 26. cxd4 Nb8 27. Rc1 Rd7 28.
Qc3 Ka8 29. Ng5 Rf8 30. Nxh7 Rg8 31. Qd2 Rb7 32. Rcg1 Nxh6 33. Qxh6 Rbxg7 34.
Bxg7 Qa4 35. Rc1 1-0